| 000 | 00672nam a2200205Ia 4500 | ||
|---|---|---|---|
| 003 | GCL | ||
| 008 | 140319s9999 xx 000 0 ara d | ||
| 040 |
_aGCL / _cGCL |
||
| 082 | 0 | 4 |
_a539 _bج ا |
| 100 | 1 | _aجوردون. ج. فان دايلن | |
| 245 | 1 | 0 |
_aاساسيات الديناميكا الحرارية الكلاسيكية / _cجوردون. ج. فان دايلن |
| 700 | 1 | _aريتشارد. ا. سونتاج | |
| 260 |
_a[S.N] : _bدار جون وايلى وابنائة ، _c1981 |
||
| 300 | _a864 ص | ||
| 490 | _a | ||
| 650 | 0 | 4 | _aالديناميكا |
| 650 | 0 | 4 | _aالديناميكا الحرارية |
| 650 | 0 | 4 | _aالحرارة |
| 942 |
_2ddc _cBK |
||
| 999 |
_c52686 _d52686 |
||